| 000 -ლიდერი |
| ფიქსირებული სიგრძის საკონტროლო ველი |
01625nam a2200265Ia 4500 |
| 001 - საკონტროლო ნომერი |
| საკონტროლო ველი |
10246 |
| 003 - საკონტროლო ნომრის იდენტიფიკატორი |
| საკონტროლო ველი |
GE_BSU |
| 005 - ბოლო ოპერაციის თარიღი და დრო |
| საკონტროლო ველი |
20250415114603.0 |
| 008 - ფიქსირებული სიგრძის მონაცემთა ელემენტები - ზოგადი ინფორმაცია |
| ფიქსირებული სიგრძის საკონტროლო ველი |
181216s2008||||ge |||||||||||||| ||geo|| |
| 020 ## - წიგნის საერთაშორისო სტანდარტული ნომერი |
| International Standard Book Number |
9994081411 |
| 040 ## - კატალოგიზაციის წყარო |
| Transcribing agency |
GE_BSU |
| 041 ## - ენის კოდი |
| Language code of text/sound track or separate title |
geo |
| 080 ## - უნივერსალური ათობითი კლასიფიკაციის ინდექსი |
| Universal Decimal Classification number |
087.5(031+821.353.1(031) ს-34 |
| 245 ## - ცნობა სათაურის შესახებ |
| Title |
საყმაწვილო ენციკლოპედია. წ.11. ქართული მწერლობა, ნაწ. 2 / |
| Statement of responsibility, etc |
[ავტ.-შემდგ. ვანო ამირხანაშვილი; რედ. თამარ ნინიკაშვილი; მხატვ. მალხაზ კუხაშვილი, ფოტ.: ჯემალ კასრაძე, მურმან ჩაჩუა; იდეისა და პროექტის ავტ. დოდო წივწივაძე] |
| 264 ## - წარმოების, გამოცემის, დისტრიბუციის და სხვა ცნობები |
| გამოცემის, წარმოების, დისტრიბუციის... ადგილი |
თბილისი : |
| გამოცემის, წარმოების, დისტრიბუციის... სახელწოდება |
დილა, |
| გამოცემის, წარმოების, დისტრიბუციის... თარიღი |
2008. |
| 300 ## - ფიზიკური აღწერა |
| Extent |
128 გვ; |
| Other physical details |
ილ; |
| Dimensions |
29 სმ. |
| 504 ## - BIBLIOGRAPHY, ETC. NOTE |
| Bibliography, etc |
ბიბლიოგრაფია: გვ. 128. |
| 653 ## - INDEX TERM--UNCONTROLLED |
| Uncontrolled term |
საყმაწვილო ენციკლოპედია |
| 653 ## - INDEX TERM--UNCONTROLLED |
| Uncontrolled term |
წ.11:ქართული მწერლობა,ნაწ.2 |
| 700 ## - ADDED ENTRY--PERSONAL NAME |
| Personal name |
წივწივაძე, დოდო |
| 9 (RLIN) |
24804 |
| 700 ## - ADDED ENTRY--PERSONAL NAME |
| Personal name |
ამირხანაშვილი, ვანო, ავტორი |
| Relator term |
შემდგენელი |
| 9 (RLIN) |
24805 |
| 700 ## - ADDED ENTRY--PERSONAL NAME |
| Personal name |
ნინიკაშვილი, თამარ |
| Relator term |
რედაქტორი |
| 9 (RLIN) |
24806 |
| 700 ## - ADDED ENTRY--PERSONAL NAME |
| Personal name |
კუხაშვილი, მალხაზ |
| Relator term |
ილუსტრატორი |
| 9 (RLIN) |
24807 |
| 942 ## - ADDED ENTRY ELEMENTS (KOHA) |
| Koha item type |
წიგნი |
| Source of classification or shelving scheme |
|